000 00447nam a2200157 i 4500
001 83382
003 ES-MaACL
005 20230906174822.0
007 t|
008 041116s1961 sp ||||1| spa d
100 1 _aIribarren, José María.
_965454
245 1 0 _aBurlas y chanzas
_b: miscelánea festiva /
_cJosé María Iribarren.
260 _aPamplona :
_bGómez,
_c1961.
300 _a235 p. ;
_c18 cm.
852 _aES-MaACL
_jC-20327
_bR.48896
999 _c83382
_d83382